| 000 | 03373ncm0a2200421 4500 | ||
|---|---|---|---|
| 001 | RU\NLR\ONIZ\224909 | ||
| 005 | 20250626152131.0 | ||
| 035 | _aRU\NLR\ONIZ\GALA\5000034121\20190129141338 | ||
| 035 | _a(NLR Aleph) 011924834 | ||
| 071 | 2 | 0 | _aс 2664 к |
| 090 |
_a11007569 _c11007569 |
||
| 100 | _a20190129d1999 |||y0rusy50 ca | ||
| 101 | 0 | _arus | |
| 102 | _aRU | ||
| 125 | _aax | ||
| 200 | 1 |
_aМузыкальные забавы _bНоты _eсб. весёлых пьес для фп. в 4 руки (для любого возраста, включая начинающих) _hВып. 1 _fсост. и авт. перелож. Ю. Маевский |
|
| 210 |
_aСанкт-Петербург _cКомпозитор - Санкт-Петербург _dcop. 1999 |
||
| 215 |
_a39 с. _d29 см |
||
| 327 | 1 |
_a1. Три поросенка / Ф. Черчилль. _a2. Ява / Ф. Фрайдей, А. Тоуссайд. _a3. Прогулка по кукурузному полю / Т. Карамиа. _a4. Шутка-сувенир / И. Фролов. _a5. Веселая румба / Ю. Маевский. _a6. Старый автомобиль / Р. Петерсен. _a7. Маевский Ю. И. |
|
| 464 | 0 |
_12001#$aТри поросенка$fФ. Черчилль _1215##$aС.1-11 _1700#1$9z01790$aЧерчилль$bФ.$gФрэнк$f1901-1942$4230$7ca _1790#1$9z01700$aChurchill$bF.$gFrank$f1901-1942$4230$7ba _tТри поросенка _aЧерчилль, Фрэнк (1901-1942) |
|
| 464 | 0 |
_12001#$aЯва$fФ. Фрайдей, А. Тоуссайд _1215##$aС.12-15 _tЯва |
|
| 464 | 0 |
_12001#$aПрогулка по кукурузному полю$fТ. Карамиа _1215##$aС.16-17 _1700#1$9z01790$aКарамиа$bТ.$gТони$f1950-$4230$7ca _1790#1$9z01700$aCaramia$bT.$gTony$f1950-$4230$7ba _tПрогулка по кукурузному полю _aКарамиа, Тони (1950-) |
|
| 464 | 0 |
_12001#$aШутка-сувенир$fИ. Фролов _1215##$aС.18-23 _1700#1$9z01790$aФролов$bИ. А.$gИгорь Александрович$f1937-2013$4230$7ca _1790#1$9z01700$aFrolov$bI. A.$gIgor` Aleksandrovič$4230$7ba _tШутка-сувенир _aФролов, Игорь Александрович (1937-2013) |
|
| 464 | 0 |
_12001#$aВеселая румба$fЮ. Маевский _1700#1$9z01790$aМаевский$bЮ. И.$gЮрий Иосифович$f1942-$4230$7ca _1790#1$9z01700$aMaevskij$bJ.$gJurij$f1942-$4230$7ba _tВеселая румба _aМаевский, Юрий Иосифович (1942-) |
|
| 464 | 0 |
_12001#$aСтарый автомобиль$fР. Петерсен _1215##$aС.28-29 _tСтарый автомобиль |
|
| 464 | 0 |
_1700#1$9z01790$aМаевский$bЮ. И.$gЮрий Иосифович$f1942-$4230$7ca _1790#1$9z01700$aMaevskij$bJ.$gJurij$f1942-$4230$7ba _aМаевский, Юрий Иосифович (1942-) |
|
| 606 | 1 |
_aПереложения для фортепиано в 4 руки _2nlr_sh |
|
| 686 |
_aЩ952.425.4-095я43 _vLBC/SL _2rubbk |
||
| 700 | 1 |
_9z02790 _aМаевский _bЮ. И. _f1942- _gЮрий Иосифович _4220 _7ca |
|
| 790 | 1 |
_9z02700 _aMaevskij _bJ. _f1942- _gJurij _4220 _7ba |
|
| 801 | 0 |
_aRU _bNLR _c20190129 _gPSBO |
|
| 801 | 1 |
_aRU _bNLR _c20190129 _2rusmarc |
|
| 801 | 2 |
_aRU _bNLR _c20190224 |
|
| 852 |
_aNLR _bМ _jК-3/29759(1) _p268005 _t1 |
||
| 942 | _cSCORE | ||
| 980 | _aNB | ||
| 980 | _aONIZ | ||